000 00645nam a2200289Ia 4500
001 140
008 191123s9999 xx 000 0 und d
020 _a950554
041 _aspa
044 _aag
100 _aSacriste, Eduardo,
245 0 _aCharlas docentes.
260 _aSan Miguel de Tucumán :
_bUniversidad de Tucumán,
_c1992.
300 _a118 p.
650 _aARGENTINA
650 _aARQUITECTURA
650 _aENSEÑANZA
650 _aSACRISTE, EDUARDO,
902 _aM
903 _am
904 _am
907 _aImpreso
911 _ailus. b/n; 17 x 25 cm
912 _a1992
942 _cLIBRO
999 _c126
_d126